Where do Broken Hearts Go - One Direction (All Lyrics) - Statistics

General Stats
  • This quiz has been taken 88 times
  • The average score is 309 of 407
Answer Stats
Answer % Correct
a
98%
broken
98%
do
98%
go
98%
go?
98%
heart
98%
I
98%
hearts
96%
the
96%
where
96%
to
93%
you
93%
your
91%
I'm
89%
I’m
89%
don't
87%
on
87%
and
84%
me
84%
all
82%
it
82%
my
82%
one
82%
out
82%
so
82%
but
80%
ever
80%
every
80%
lonely
80%
now
80%
things
80%
when
80%
I've
78%
know
78%
let
78%
of
78%
only
78%
that
78%
just
76%
mistakes
76%
there's
76%
done
73%
find
73%
place
73%
calling
71%
from
71%
list
71%
name
71%
some
71%
try
71%
tryna
71%
come
69%
down
69%
searching
69%
corner
67%
face
67%
how
67%
in
67%
look
67%
close
64%
fix
64%
standing
64%
Counted
62%
time
62%
with
62%
rest
60%
words
60%
home
58%
song
58%
spoke
58%
tell
58%
wrote
58%
yeah
58%
baby
56%
house
56%
built
53%
by
53%
crimes
53%
up
53%
are
51%
is
51%
lips
49%
love
49%
want
49%
you're
49%
figured
47%
taste
47%
took
47%
feel
44%
tongue
44%
at
42%
else?
42%
enemy
42%
or
42%
sleeping
42%
tip
42%
enough
40%
between
38%
giving
38%
running
38%
someone
38%
top
38%
yourself?
38%
again
36%
again?
36%
circles
36%
will
36%
afraid?
31%
anyone
31%
pain
31%
'cause
29%
mind
29%
never
29%
heard
27%
get
24%
need
24%
shadows
22%
feet
20%
ten
20%
hiding
18%
something
16%
was
16%
you've
16%
No matching quizzes found
Score Distribution
Percent of People with Each Score
Percentile by Number Answered
Your Score History
You have not taken this quiz